<?xml version="1.0" encoding="UTF-8"?>
<record
    xmlns:xsi="http://www.w3.org/2001/XMLSchema-instance"
    xsi:schemaLocation="http://www.loc.gov/MARC21/slim http://www.loc.gov/standards/marcxml/schema/MARC21slim.xsd"
    xmlns="http://www.loc.gov/MARC21/slim">

  <leader>01317nam a2200337 i 4500</leader>
  <controlfield tag="001">105372</controlfield>
  <controlfield tag="003">ES-MaACL</controlfield>
  <controlfield tag="005">20251111131011.0</controlfield>
  <controlfield tag="007">t|</controlfield>
  <controlfield tag="008">060703s1971    fr           |||| |dfre d</controlfield>
  <datafield tag="080" ind1=" " ind2=" ">
    <subfield code="a">929 Rosa Luxemburg</subfield>
  </datafield>
  <datafield tag="080" ind1=" " ind2=" ">
    <subfield code="a">929 L&#xE9;on Jogich&#xE8;s</subfield>
  </datafield>
  <datafield tag="100" ind1="1" ind2=" ">
    <subfield code="a">Luxemburg, Rosa,</subfield>
    <subfield code="d">1870-1919</subfield>
    <subfield code="9">74894</subfield>
  </datafield>
  <datafield tag="245" ind1="1" ind2="0">
    <subfield code="a">Lettres &#xE1; L&#xE9;on Jogich&#xE8;s / </subfield>
    <subfield code="c">Rosa Luxemburg ; r&#xE9;unies, annot&#xE9;es et pr&#xE9;par&#xE9;es par F&#xE9;lix Tych ; pr&#xE9;sent&#xE9;es et choisies pour l'&#xE9;dition fran&#xE7;aise par Victor Fay ; [traduit du polonais par Claire Brendel ; notes adapt&#xE9;es par Karol Szurek].</subfield>
  </datafield>
  <datafield tag="260" ind1=" " ind2=" ">
    <subfield code="a">Paris : </subfield>
    <subfield code="b">Deno&#xEB;l : </subfield>
    <subfield code="b">Gonthier, </subfield>
    <subfield code="c">1971.</subfield>
  </datafield>
  <datafield tag="300" ind1=" " ind2=" ">
    <subfield code="a">348 p. ; </subfield>
    <subfield code="c">22 cm.</subfield>
  </datafield>
  <datafield tag="490" ind1="1" ind2=" ">
    <subfield code="a">Femme</subfield>
  </datafield>
  <datafield tag="505" ind1="8" ind2=" ">
    <subfield code="a">Contiene: I ; </subfield>
    <subfield code="t">1894-1899 - II ; </subfield>
    <subfield code="t">199-1914</subfield>
  </datafield>
  <datafield tag="600" ind1="1" ind2="4">
    <subfield code="a">Luxemburg, Rosa,</subfield>
    <subfield code="d">1870-1919- </subfield>
    <subfield code="x">Correspondencia</subfield>
    <subfield code="9">74895</subfield>
  </datafield>
  <datafield tag="600" ind1="1" ind2="4">
    <subfield code="a">Luxemburg, Rosa,</subfield>
    <subfield code="d">1870-1919</subfield>
    <subfield code="9">74894</subfield>
  </datafield>
  <datafield tag="600" ind1="1" ind2="4">
    <subfield code="a">Jogiches, Leo-</subfield>
    <subfield code="x">Correspondencia.</subfield>
    <subfield code="9">164995</subfield>
  </datafield>
  <datafield tag="700" ind1="1" ind2=" ">
    <subfield code="a">Tych, F&#xE9;lix.</subfield>
    <subfield code="9">111800</subfield>
  </datafield>
  <datafield tag="700" ind1="1" ind2=" ">
    <subfield code="a">Fay, Victor.</subfield>
    <subfield code="9">49018</subfield>
  </datafield>
  <datafield tag="700" ind1="1" ind2=" ">
    <subfield code="a">Brendel, Claire.</subfield>
    <subfield code="9">31578</subfield>
  </datafield>
  <datafield tag="700" ind1="1" ind2=" ">
    <subfield code="a">Szurek, Karol.</subfield>
    <subfield code="9">109004</subfield>
  </datafield>
  <datafield tag="830" ind1="0" ind2=" ">
    <subfield code="a">Femme</subfield>
    <subfield code="9">232709</subfield>
  </datafield>
  <datafield tag="852" ind1=" " ind2=" ">
    <subfield code="a">ES-MaACL</subfield>
    <subfield code="j">AND-171 </subfield>
    <subfield code="z">. - Biblioteca Juan Andrade </subfield>
    <subfield code="z">(v. 1)</subfield>
  </datafield>
  <datafield tag="852" ind1=" " ind2=" ">
    <subfield code="a">ES-MaACL</subfield>
    <subfield code="j">AND-174 </subfield>
    <subfield code="z">. - Biblioteca Juan Andrade </subfield>
    <subfield code="z">(v. 2)</subfield>
  </datafield>
  <datafield tag="942" ind1=" " ind2=" ">
    <subfield code="2">udc</subfield>
  </datafield>
  <datafield tag="999" ind1=" " ind2=" ">
    <subfield code="c">105372</subfield>
    <subfield code="d">105372</subfield>
  </datafield>
  <datafield tag="952" ind1=" " ind2=" ">
    <subfield code="0">0</subfield>
    <subfield code="1">0</subfield>
    <subfield code="4">0</subfield>
    <subfield code="7">0</subfield>
    <subfield code="a">ATENEOM</subfield>
    <subfield code="b">ATENEOM</subfield>
    <subfield code="c">DEPO2</subfield>
    <subfield code="d">2018-06-18</subfield>
    <subfield code="e">DON</subfield>
    <subfield code="l">0</subfield>
    <subfield code="o">AND-174</subfield>
    <subfield code="p">1198998</subfield>
    <subfield code="r">2023-02-23 00:00:00</subfield>
    <subfield code="w">2023-02-23</subfield>
    <subfield code="y">MONOGRAFIA</subfield>
  </datafield>
  <datafield tag="952" ind1=" " ind2=" ">
    <subfield code="0">0</subfield>
    <subfield code="1">0</subfield>
    <subfield code="4">0</subfield>
    <subfield code="7">0</subfield>
    <subfield code="a">ATENEOM</subfield>
    <subfield code="b">ATENEOM</subfield>
    <subfield code="c">DEPO2</subfield>
    <subfield code="d">2008-01-17</subfield>
    <subfield code="e">DON</subfield>
    <subfield code="l">0</subfield>
    <subfield code="o">AND-171</subfield>
    <subfield code="p">1110002</subfield>
    <subfield code="r">2023-02-23 00:00:00</subfield>
    <subfield code="w">2023-02-23</subfield>
    <subfield code="y">MONOGRAFIA</subfield>
  </datafield>
</record>
